000 00478pab a2200181 454500
008 180718b2006 xxu||||| |||| 00| 0 eng d
100 _aKodoth, Praveena
245 _aGender and land rights in Kerala: a review of legal and empirical issues
260 _c2006
300 _ap.90-119.
362 _aJun
650 _aWomen - India - Kerala
650 _aLand tenure - India - Kerala
650 _aLand tenure
773 _aAdministrator
908 _aN
909 _a74294
999 _c74294
_d74294